Géographie en A - Mort Subite - Statistiques

Statistiques générales
  • Ce quiz a été pris 185 fois
    174 depuis la dernière actualisation
  • Le résultat moyen est 8 sur 16
Answers on the Grid
Answers color-coded by a green-red scale on the quiz's grid according to % correct below.
Point culminant d'Amérique du Sud
Ville où on trouve le Parthénon
Pays ayant Buenos Aires comme capitale
Plus long fleuve sudaméricain
Fleuve traversant Florence
Ville natale de Napoléon
L'État le plus au nord des USA
Région historique de Strasbourg
Le nom du Pôle Sud
L'Océan séparant l'Europe de l'Amérique
Lieu d'une lourde défaite française en 1415
Pays d'origine de Mozart
Chaîne de montagnes où se situe le Liechtenstein
Ville où on trouve la Maison d'Anne Franck
Ville dans laquelle se situe le Fort de San Diego
Monument qui surplombe la ville de Grenade
La capitale du Brésil
Volcan dont l'explosion en 1883 fut dévastatrice
Premier nom d'Istanbul
Fleuve qui traverse Belgrade
Le siège social de Nintendo s'y trouve
Volcan qui surplombe Naples
Ville siège de la Mosquée Adbelhamid Ben Badis
Ville natale de Jacques Chirac
Département de Marseille
Pays où Che Guevara a été exécuté
Ville dans laquelle l'Aston Villa joue
Région du Finistère
Île natale de Napoléon
Pays d'origine des Perses
Pays frontalier de la République dominicaine
Le nom hindi du Palais des Vents de Jaipur
 
Statistiques - réponses
Réponse % Correct
Autriche Pays d'origine de Mozart
70%
Argentine Pays ayant Buenos Aires comme capitale
69%
Atlantique L'Océan séparant l'Europe de l'Amérique
64%
Alaska L'État le plus au nord des USA
63%
Antarctique Le nom du Pôle Sud
61%
Athènes Ville où on trouve le Parthénon
61%
Amazone Plus long fleuve sudaméricain
60%
Alsace Région historique de Strasbourg
60%
Ajaccio Ville natale de Napoléon
58%
Alpes Chaîne de montagnes où se situe le Liechtenstein
53%
Amsterdam Ville où on trouve la Maison d'Anne Franck
49%
Aconcagua Point culminant d'Amérique du Sud
43%
Alhambra Monument qui surplombe la ville de Grenade
39%
Azincourt Lieu d'une lourde défaite française en 1415
26%
Arno Fleuve traversant Florence
23%
Acapulco Ville dans laquelle se situe le Fort de San Diego
16%
Aucun quiz correspondant
Distribution des résultats
% des personnes avec chaque résultat
Percentile par nombre de réponses
Votre historique - résultats
Vous n’avez pas pris ce quiz depuis la dernière actualisation